International Economic Review

محفوظ في:

التنسيق: دورية

اللغة: Undetermined

منشور في: JSTOR
Wiley

الموضوعات:

الوصول للمادة أونلاين: Login to view Source

الوسوم: إضافة وسم

لا توجد وسوم, كن أول من يضع وسما على هذه التسجيلة!

رقم الطلب:

LEADER 00526nas a2200181Ia 4500
008 220214c99999999xx |||||||||||| ||und||
022 |a 0020-6598 
022 |a 1468-2354 
245 0 0 |a International Economic Review 
264 1 |b JSTOR 
264 1 |b Wiley 
362 0 |a Vol. 1(1960)-58 (2017) 
653 1 0 |a Business & Economics 
653 1 0 |a Economics 
856 4 0 |u https://www.jstor.org/journal/inteeconrevi 
942 |c JL 
952 |0 0  |1 0  |4 0  |7 1  |9 35305  |a JSR  |b JSR  |d 2022-02-14  |l 0  |r 2022-02-14 00:00:00  |w 2022-02-14  |y JL 
999 |c 43638  |d 43638